000 00508nam a22001697a 4500
005 20231031114051.0
008 231031b |||||||| |||| 00| 0 eng d
020 _a9780409023923
041 _aEnglish
082 _a346.6 SON
100 _aSonnekus, JC
_lEnglish
245 _aUnjustified Enrichment in South African Law /
_cJC Sonnekus
260 _aDurban :
_bLexisNexis,
_c2008
300 _bx, 421 pages ;
_c24, 5 cm.
650 _alegal practice
_bLaw
942 _cBK
_6ALISON_BN_VRIES
999 _c183
_d183